Η τεχνολογία στον παγκόσμιο πολιτισμό : μια ιστορία χιλίων ετών

Αποθηκεύτηκε σε:
Λεπτομέρειες βιβλιογραφικής εγγραφής
Κύριος συγγραφέας: Pacey, Arnold
Μορφή: Βιβλίο
Γλώσσα:Greek
English
Δημοσίευση: Αθήνα : Πολιτιστικό Τεχνολογικό Ίδρυμα ΕΤΒΑ, c1995.
Θέματα:
Ετικέτες: Προσθήκη ετικέτας
Δεν υπάρχουν, Καταχωρήστε ετικέτα πρώτοι!

MARC

LEADER 00000cam a2200000 i 4500
001 1/13048
008 001107s1995 gr | ||| |||| ||gre||
020 |a 960244035X 
035 |l 10064460 
040 |a GR-MyUa  |b gre  |e AACR2 
041 1 |a gre  |h eng 
082 7 |a 609   |2 (22) 
100 1 |a Pacey, Arnold. 
245 1 2 |a Η τεχνολογία στον παγκόσμιο πολιτισμό :   |b μια ιστορία χιλίων ετών /   |c Arnold Pacey ; μετάφραση Τάκης Κιρκής.  
260 |a Αθήνα :   |b Πολιτιστικό Τεχνολογικό Ίδρυμα ΕΤΒΑ,   |c c1995.  
300 |a 333 σ. ;   |c 22 εκ.  
504 |a Βιβλιογραφία: σ. [325]-333.  
500 |a Τίτλος πρωτοτύπου: Technology in world civilization : a thousand-year history.  
650 0 |a Technology  |x History. 
650 0 |a Technology transfer  |x History. 
852 |a INST  |b SYROS  |e 20001107  |h 609 PAC  |p 005500002201  |q 005500002201  |t BK  |y 0 
901 |a BIBL5-2000-3 
922 |a 5ΕΛΗ  |b 200008  |c Βιβλιοθήκη  |d Παπασωτηρίου 
950 |a 183-2000-07-05 
970 |a Πουρνάρας  |b Δημήτρης  |z 08/12/2000